| 000 | 00734cam a2200241 a 4500 | ||
|---|---|---|---|
| 001 | 1423356 | ||
| 005 | 20180104085625.0 | ||
| 008 | 840213s1984 nyu b 001 0 eng | ||
| 010 | _a 84003914 | ||
| 020 | _a0826144004 | ||
| 040 |
_aDLC _cDLC _dDLC _dOCoLC |
||
| 041 | _aeng | ||
| 043 | _an-us--- | ||
| 060 | _aW 322 C285c | ||
| 080 | _a362.1 | ||
| 082 | 0 | 0 |
_a362.1 CAR _219 |
| 100 | 1 | _a50 | |
| 101 | _aSOC | ||
| 245 | 1 | 0 |
_aClinical social work in health settings : _cThomas Owen Carlton with contributors ; foreword by Hans S. Falck. |
| 504 | _aIncludes bibliographical references and index. | ||
| 906 |
_a7 _bcbc _corignew _d1 _eocip _f19 _gy-gencatlg |
||
| 942 |
_2ddc _cBK |
||
| 999 |
_c39771 _d39771 |
||